000 00615nam a2200205Ia 4500
005 20240613094943.0
008 131103s9999 xx 000 0 und d
040 _aLoreto College
041 _aEnglish
082 _a954
_bMAJ
245 4 _aThe maratha supremacy
_cGeneral editor by R.C.Majumdar
260 _aBombay
_bBharatiya Vidya Bhavan
_c1977
300 _axx,860p.
440 _aThe History and Culture of the Indian People
504 _aIncludes index,chronology and bibliographical references
650 _aIndian Modern History
700 _aMajumdar, R.C. ;ed.
850 _aLCBED
942 _cBK
999 _c28640
_d79119